[Event "CHI-ch"]
[Site "Santiago"]
[Date "2024.02.26"]
[Round "11"]
[White "Arias Diaz, Miguel Angel"]
[Black "Torres Bravo, Cristobal Renato"]
[Result "0-1"]
[WhiteElo "1972"]
[BlackElo "2336"]
[PlyCount "81"]
[EventDate "2024.02.19"]
[EventType "swiss"]
[EventRounds "11"]
[EventCountry "CHI"]
[SourceTitle "CB09_2024"]
[SourceDate "2024.02.28"]
[SourceVersion "1"]
[SourceVersionDate "2024.02.28"]
[SourceQuality "1"]

1. d4 Nf6 2. c4 e6 3. Nc3 Bb4 4. e3 c5 5. Bd3 0-0 6. Nge2 cxd4 7. exd4 d5 8. cxd5 Nxd5 9. 0-0 Nc6 10. Nxd5 Qxd5 11. Qc2 h6 12. Rd1 Rd8 13. Be3 Bd6 14. a3 Bd7 15. Bc4 Qh5 16. Nf4 Bxf4 17. Bxf4 Rac8 18. Qe4 Nb4 19. Bd3 Nxd3 20. Qxd3 Bc6 21. Rac1 Rd5 22. Qg3 Kh8 23. Be3 e5 24. Re1 exd4 25. Bd2 Rf5 26. b4 Rd8 27. Re7 Rdd5 28. Rce1 Rf6 29. f3 Kh7 30. R7e5 Rf5 31. Re7 Rf6 32. R7e5 Rxe5 33. Rxe5 Rf5 34. Re7 Bxf3 35. gxf3 Rxf3 36. Qg2 Rf6 37. Kh1 Rg6 38. Qe4 f5 39. Qxb7 Qd1+ 40. Be1 d3 41. Qd7 0-1

[Event "CHI-ch"]
[Site "Santiago"]
[Date "2024.02.24"]
[Round "8"]
[White "Lenoir Ibacache, Gabriel Alberto"]
[Black "Torres Bravo, Cristobal Renato"]
[Result "0-1"]
[WhiteElo "2225"]
[BlackElo "2336"]
[PlyCount "144"]
[EventDate "2024.02.19"]
[EventType "swiss"]
[EventRounds "11"]
[EventCountry "CHI"]
[SourceTitle "CB09_2024"]
[SourceDate "2024.02.28"]
[SourceVersion "1"]
[SourceVersionDate "2024.02.28"]
[SourceQuality "1"]

1. e4 c5 2. Nf3 Nc6 3. Bb5 e6 4. Bxc6 bxc6 5. 0-0 Ne7 6. d3 Ng6 7. Re1 Be7 8. b3 e5 9. Bb2 d6 10. Nbd2 0-0 11. c3 Nf4 12. Nf1 f5 13. Ne3 g6 14. h3 Ba6 15. Nc4 fxe4 16. dxe4 Bxc4 17. bxc4 Qc8 18. Bc1 Qe6 19. Bxf4 Rxf4 20. Qa4 Rxf3 21. gxf3 Qxh3 22. Re3 Rf8 23. f4 Qg4+ 24. Rg3 Qxf4 25. Qc2 Qf7 26. Qe2 Bh4 27. Rg2 Rb8 28. Rd1 Be7 29. Rg3 Qe6 30. Kg2 Rf8 31. Rb1 Bh4 32. Qg4 Rxf2+ 33. Kh3 Qxg4+ 34. Rxg4 Be7 35. Rb7 Kf7 36. Rxa7 Rc2 37. Rg3 Re2 38. Rg2 Rxe4 39. Rb2 Ke6 40. Rb8 Re3+ 41. Kg2 Bg5 42. Rxh7 Bf4 43. Rg8 g5 44. Rg6+ Kf5 45. Rxd6 Rxc3 46. Rxc6 Rxc4 47. a4 Rxa4 48. Rxc5 Ra2+ 49. Kf1 g4 50. Rf7+ Ke4 51. Rc4+ Ke3 52. Rc3+ Kd4 53. Rb3 Kc4 54. Rb8 g3 55. Rc7+ Kd5 56. Rg7 Rf2+ 57. Ke1 Ra2 58. Kf1 Rf2+ 59. Ke1 Ke4 60. Rb3 Rf3 61. Rb4+ Kf5 62. Rb2 e4 63. Rb5+ Kf6 64. Rg8 Rf2 65. Rb6+ Kf7 66. Rg4 Be5 67. Rb3 Rf3 68. Rb7+ Kf6 69. Rxe4 g2 70. Rb6+ Kf5 71. Rxe5+ Kxe5 72. Ke2 g1Q 0-1

[Event "CHI-ch"]
[Site "Santiago"]
[Date "2024.02.24"]
[Round "9"]
[White "Torres Bravo, Cristobal Renato"]
[Black "Castro Salgado, Pablo Alonso"]
[Result "1-0"]
[WhiteElo "2336"]
[BlackElo "2120"]
[PlyCount "101"]
[EventDate "2024.02.19"]
[EventType "swiss"]
[EventRounds "11"]
[EventCountry "CHI"]
[SourceTitle "CB09_2024"]
[SourceDate "2024.02.28"]
[SourceVersion "1"]
[SourceVersionDate "2024.02.28"]
[SourceQuality "1"]

1. c4 e5 2. g3 c6 3. Nf3 e4 4. Nd4 d5 5. cxd5 Qxd5 6. Nb3 Nf6 7. Bg2 a5 8. d3 Qh5 9. dxe4 Bh3 10. Bf3 Qg6 11. Nc3 Nbd7 12. Bf4 Nc5 13. Qc2 Nxb3 14. Qxb3 Bb4 15. a3 Bxc3+ 16. Qxc3 0-0 17. e5 Nd5 18. Qd3 Nxf4 19. gxf4 Qh6 20. Qc4 Rad8 21. e3 Rd7 22. Rd1 Rfd8 23. Rxd7 Rxd7 24. a4 Qg6 25. Ke2 Bg2 26. Bxg2 Qxg2 27. Rf1 Qxh2 28. Qe4 Qh5+ 29. f3 Qh2+ 30. Rf2 Qh1 31. Qc2 Rd5 32. Rf1 Qh4 33. e4 Rd8 34. Ke3 g5 35. fxg5 Qxg5+ 36. f4 Qg3+ 37. Ke2 Rd4 38. Rf2 h5 39. Kf1 Qd3+ 40. Qxd3 Rxd3 41. f5 Kf8 42. Rh2 Rd4 43. Rh4 Ke8 44. Kf2 Rd3 45. Rxh5 Rb3 46. Rh8+ Ke7 47. f6+ Kd7 48. Rf8 b5 49. Rxf7+ Ke8 50. Re7+ Kf8 51. Ra7 1-0

[Event "CHI-ch"]
[Site "Santiago de Chile"]
[Date "2020.02.15"]
[Round "6"]
[White "Aguirre Contreras, Cristian Rodrigo"]
[Black "Torres Bravo, Cristobal Renato"]
[Result "1/2-1/2"]
[WhiteElo "2187"]
[BlackElo "2372"]
[PlyCount "74"]
[EventDate "2020.02.11"]
[EventType "tourn"]
[EventRounds "11"]
[EventCountry "CHI"]
[EventCategory "2"]
[SourceTitle "CBM 195 Extra"]
[Source "ChessBase"]
[SourceDate "2020.05.31"]
[SourceVersion "1"]
[SourceVersionDate "2020.05.31"]
[SourceQuality "1"]

1. e4 c5 2. c3 Nf6 3. e5 Nd5 4. d4 cxd4 5. Nf3 e6 6. cxd4 d6 7. a3 Bd7 8. Bd3 Bc6 9. 0-0 Nd7 10. Re1 Be7 11. exd6 Bxd6 12. Bg5 Qc7 13. Nbd2 Nf4 14. Bf1 Nb6 15. Rc1 Be7 16. Ne4 Bxg5 17. Nexg5 h6 18. Ne4 Ng6 19. Ne5 Nxe5 20. dxe5 0-0 21. Qh5 Qe7 22. Rc3 Bxe4 23. Rxe4 Nd5 24. Rg3 f5 25. Rh4 Kh8 26. Rgh3 Kh7 27. Bc4 Rad8 28. Rg3 Qf7 29. Qxf7 Rxf7 30. Rd4 Rfd7 31. Rgd3 g5 32. g3 g4 33. h3 h5 34. hxg4 hxg4 35. Bb5 Rc7 36. Bc4 Rcd7 37. Bb5 Rc7 1/2-1/2

[Event "CHI-ch"]
[Site "Santiago de Chile"]
[Date "2020.02.15"]
[Round "5"]
[White "Torres Bravo, Cristobal Renato"]
[Black "Garcia Cardenas, Pablo"]
[Result "0-1"]
[WhiteElo "2372"]
[BlackElo "2424"]
[PlyCount "128"]
[EventDate "2020.02.11"]
[EventType "tourn"]
[EventRounds "11"]
[EventCountry "CHI"]
[EventCategory "2"]
[SourceTitle "CBM 195 Extra"]
[Source "ChessBase"]
[SourceDate "2020.05.31"]
[SourceVersion "1"]
[SourceVersionDate "2020.05.31"]
[SourceQuality "1"]

1. Nf3 d5 2. c4 e6 3. e3 Nf6 4. b3 c5 5. cxd5 exd5 6. d4 Nc6 7. Be2 cxd4 8. Nxd4 Bb4+ 9. Bd2 Bxd2+ 10. Nxd2 Nxd4 11. exd4 0-0 12. 0-0 Bf5 13. Nf3 Rc8 14. Ne5 Qa5 15. Bd3 Bxd3 16. Qxd3 Rc3 17. Qf5 Rfc8 18. g4 Qc7 19. g5 Ne4 20. f3 Nd6 21. Qf4 Rc2 22. Kh1 Qe7 23. Rae1 Qe6 24. Ng4 Re2 25. Rxe2 Qxe2 26. Rf2 Qe6 27. Qe5 Nf5 28. Qf4 Nh4 29. Nh6+ gxh6 30. Qxh4 Qe1+ 31. Kg2 Rc6 32. Qf4 Rg6 33. h4 hxg5 34. Qb8+ Kg7 35. h5 Rh6 36. Rc2 Rxh5 37. Qe5+ Qxe5 38. dxe5 Rh6 39. Rd2 Ra6 40. Kg3 Ra5 41. Rd4 Kg6 42. b4 Rxa2 43. Rxd5 Ra6 44. f4 Ra3+ 45. Kf2 gxf4 46. Rd6+ Kf5 47. Rf6+ Kxe5 48. Rxf7 b5 49. Rxh7 Kd4 50. Rc7 a5 51. bxa5 Rxa5 52. Rb7 Kc3 53. Rc7+ Kb3 54. Kf3 Ra1 55. Ke2 f3+ 56. Kf2 Rd1 57. Kxf3 Re1 58. Kf2 Re5 59. Kf3 b4 60. Kf2 Kb2 61. Kf3 b3 62. Kf2 Kb1 63. Kf1 b2 64. Kf2 Rb5 0-1

[Event "CHI-ch"]
[Site "Santiago de Chile"]
[Date "2019.02.27"]
[Round "10"]
[White "Torres Bravo, Cristobal Renato"]
[Black "Abarca Gonzalez, Nicolas"]
[Result "1/2-1/2"]
[WhiteElo "2347"]
[BlackElo "2418"]
[PlyCount "123"]
[EventDate "2019.02.20"]
[EventType "tourn"]
[EventRounds "11"]
[EventCountry "CHI"]
[SourceTitle "CBM 189 Extra"]
[Source "ChessBase"]
[SourceDate "2019.06.03"]
[SourceVersion "1"]
[SourceVersionDate "2019.06.03"]
[SourceQuality "1"]

1. d4 Nf6 2. Nf3 g6 3. c4 Bg7 4. g3 0-0 5. Bg2 d6 6. 0-0 Na6 7. Nc3 c6 8. a3 Bf5 9. Nh4 Bd7 10. b4 Rb8 11. Qd3 Qc8 12. Rd1 b5 13. Bd2 Nc7 14. cxb5 cxb5 15. e4 Rd8 16. Rdc1 Qa6 17. h3 e5 18. Nf3 Be6 19. d5 Bd7 20. Be3 Qb7 21. Nd2 Rdc8 22. Nb3 a6 23. Na5 Qa8 24. Kh2 Nce8 25. Ra2 Rc7 26. Rac2 h5 27. Qe2 Kh7 28. Qd2 Ng8 29. Ne2 Rxc2 30. Rxc2 Ne7 31. f4 Rc8 32. fxe5 Rxc2 33. Qxc2 Bxe5 34. Bf4 f6 35. h4 Kg7 36. Qd2 Qc8 37. Nd4 Kf7 38. Nf3 Ba1 39. Nc6 Nxc6 40. dxc6 Be6 41. Bxd6 Qxc6 42. e5 Qd7 43. Qc1 Nxd6 44. Qxa1 Nc4 45. exf6 Kf8 46. Qc1 Kf7 47. Qc3 Kf8 48. Qc1 Kf7 49. Qc3 Kf8 50. Ng5 Bf7 51. Qf3 Ne5 52. Qa8+ Be8 53. Qd5 Ng4+ 54. Kh1 Nxf6 55. Qxd7 Nxd7 56. Bb7 Nb8 57. Kg1 Ke7 58. Kf2 Bc6 59. Bc8 Bd7 60. Bb7 Bc6 61. Bc8 Bd7 62. Bb7 1/2-1/2

[Event "CHI-ch"]
[Site "Santiago de Chile"]
[Date "2019.02.25"]
[Round "8"]
[White "Torres Bravo, Cristobal Renato"]
[Black "Aguirre Contreras, Cristian Rodrigo"]
[Result "1/2-1/2"]
[WhiteElo "2347"]
[BlackElo "2252"]
[PlyCount "161"]
[EventDate "2019.02.20"]
[EventType "tourn"]
[EventRounds "11"]
[EventCountry "CHI"]
[SourceTitle "CBM 189 Extra"]
[Source "ChessBase"]
[SourceDate "2019.06.03"]
[SourceVersion "1"]
[SourceVersionDate "2019.06.03"]
[SourceQuality "1"]

1. d4 Nf6 2. Nf3 e6 3. g3 d5 4. Bg2 Be7 5. 0-0 0-0 6. c4 dxc4 7. Qc2 b6 8. Bg5 Nd5 9. Bxe7 Qxe7 10. Qxc4 Ba6 11. Qc2 Nd7 12. Nc3 Nb4 13. Qb1 c5 14. a3 Nc6 15. dxc5 bxc5 16. b4 Rab8 17. Ng5 Qxg5 18. Bxc6 Ne5 19. Bg2 Rfc8 20. f4 Qh6 21. b5 Ng4 22. h3 Ne3 23. Rc1 Nxg2 24. Kxg2 Qf6 25. a4 Bb7+ 26. Kh2 Qd4 27. Nd1 Qd2 28. Qc2 Qe1 29. e4 Bxe4 30. Nc3 Bxc2 31. Rxe1 Rd8 32. Re2 Bd3 33. Rd2 Rd4 34. Rad1 Rbd8 35. a5 Kf8 36. b6 axb6 37. axb6 Ba6 38. Rxd4 cxd4 39. Ne4 Be2 40. Rd2 d3 41. Nc5 Ke7 42. b7 Rb8 43. Rb2 Bf3 44. Kg1 Kd6 45. Nxd3 Rxb7 46. Rxb7 Bxb7 47. Kf2 f6 48. Ke3 e5 49. h4 Bc8 50. Nc1 Ba6 51. Nb3 Bc4 52. Nd2 Bd5 53. Nb1 h5 54. Nc3 Bc6 55. Nb1 Ke6 56. fxe5 fxe5 57. Nc3 Kf5 58. Kf2 Kg4 59. Nd1 Kf5 60. Ne3+ Ke4 61. Nf1 Bd5 62. Ne3 Be6 63. Nf1 Bh3 64. Ne3 Kd3 65. Nd1 Bc8 66. Ne3 Ba6 67. Nf1 Bc4 68. Ne3 Bb3 69. Nf1 Bd1 70. Ne3 Bg4 71. Nf1 Bh3 72. Ne3 Ke4 73. Nd1 Bc8 74. Ne3 Ba6 75. Nd1 g6 76. Ne3 Bc8 77. Nd1 Be6 78. Ne3 Bg4 79. Nf1 Kd3 80. Ne3 Be6 81. Nf1 1/2-1/2

[Event "CHI-ch"]
[Site "Santiago de Chile"]
[Date "2019.02.24"]
[Round "7"]
[White "Tapia Fuentes, Jaime"]
[Black "Torres Bravo, Cristobal Renato"]
[Result "1-0"]
[WhiteElo "2259"]
[BlackElo "2347"]
[PlyCount "121"]
[EventDate "2019.02.20"]
[EventType "tourn"]
[EventRounds "11"]
[EventCountry "CHI"]
[SourceTitle "CBM 189 Extra"]
[Source "ChessBase"]
[SourceDate "2019.06.03"]
[SourceVersion "1"]
[SourceVersionDate "2019.06.03"]
[SourceQuality "1"]

1. Nf3 Nf6 2. g3 b5 3. Bg2 Bb7 4. 0-0 e6 5. c3 c5 6. d3 d5 7. a4 b4 8. cxb4 cxb4 9. Nbd2 Nbd7 10. Nb3 Be7 11. Bd2 0-0 12. a5 Nb8 13. Nfd4 Na6 14. e3 Nd7 15. f4 Ndc5 16. Nxc5 Bxc5 17. Nb3 Bd6 18. Qe2 Rc8 19. Rfc1 Qd7 20. d4 Rxc1+ 21. Nxc1 Rc8 22. Nd3 Qe7 23. Qe1 Rc2 24. Bf3 Rc8 25. Bg2 Rc7 26. Bf3 Bc8 27. Be2 f6 28. Rc1 Rxc1 29. Qxc1 Bb7 30. Qc2 h6 31. Qa4 Kh7 32. Kf2 Bc8 33. Qc2 Qc7 34. Nxb4+ Qxc2 35. Nxc2 Kg8 36. b4 Kf8 37. b5 Nb8 38. Bb4 Ke7 39. Ke1 Kd7 40. Bxd6 Kxd6 41. Kd2 a6 42. Kc3 axb5 43. Bxb5 Ba6 44. Bxa6 Nxa6 45. Nb4 Nc7 46. Nd3 Kc6 47. Kb4 Na6+ 48. Ka4 Nc7 49. Nc5 e5 50. f5 exd4 51. exd4 Nb5 52. Ne6 Nc3+ 53. Kb4 Na2+ 54. Kb3 Nc1+ 55. Kc2 Na2 56. Nxg7 Kb5 57. Nh5 Kc4 58. Nxf6 Nb4+ 59. Kd2 Nc6 60. a6 Kb5 61. Nxd5 1-0

[Event "CHI-ch"]
[Site "Santiago de Chile"]
[Date "2019.02.23"]
[Round "5"]
[White "Garcia Cardenas, Pablo"]
[Black "Torres Bravo, Cristobal Renato"]
[Result "1-0"]
[WhiteElo "2449"]
[BlackElo "2347"]
[PlyCount "138"]
[EventDate "2019.02.20"]
[EventType "tourn"]
[EventRounds "11"]
[EventCountry "CHI"]
[SourceTitle "CBM 189 Extra"]
[Source "ChessBase"]
[SourceDate "2019.06.03"]
[SourceVersion "1"]
[SourceVersionDate "2019.06.03"]
[SourceQuality "1"]

1. d4 Nf6 2. c4 e6 3. Nc3 c5 4. d5 exd5 5. cxd5 d6 6. e4 g6 7. f4 Bg7 8. Bb5+ Nfd7 9. Bd3 0-0 10. Nf3 a6 11. a4 Nf6 12. 0-0 Re8 13. Re1 Bg4 14. h3 Bxf3 15. Qxf3 Nbd7 16. Be3 Qb6 17. Re2 Qb4 18. a5 c4 19. Ra4 Qxa4 20. Nxa4 cxd3 21. Rd2 Rxe4 22. Nb6 Nxb6 23. Bxb6 Rc8 24. Qxd3 Rxf4 25. Rc2 Re8 26. Re2 Rc8 27. Rc2 Re8 28. Re2 Rc8 29. Rf2 Rc1+ 30. Kh2 Rxf2 31. Bxf2 Nd7 32. Qb3 Be5+ 33. Bg3 Rc7 34. Qb4 Bxg3+ 35. Kxg3 Nc5 36. Qh4 Rd7 37. Qd4 f5 38. Kf4 Rf7 39. Qc3 g5+ 40. Kf3 Nd7 41. Qc8+ Kg7 42. Kf2 Nf6 43. Qe6 f4 44. Kf3 Kg6 45. b4 Rd7 46. h4 gxh4 47. Kxf4 Rd8 48. Qf5+ Kf7 49. Qe6+ Kg6 50. Qf5+ Kf7 51. Kg5 Rg8+ 52. Kxh4 Rg4+ 53. Kh3 Rxb4 54. Qe6+ Kg6 55. Qxd6 Rb5 56. Qg3+ Kf5 57. Qf3+ Kg6 58. Qg3+ Kh6 59. Qe3+ Kg6 60. d6 Rh5+ 61. Kg3 Rg5+ 62. Kf3 Rf5+ 63. Ke2 Rd5 64. Qe6 Kg5 65. Ke1 Rd3 66. Qe5+ Kg6 67. g3 h5 68. Ke2 Rb3 69. d7 Rd3 1-0

[Event "CHI-ch sf"]
[Site "Santiago de Chile"]
[Date "2018.12.09"]
[Round "6.1"]
[White "Torres Bravo, Cristobal Renato"]
[Black "Abarca Gonzalez, Nicolas"]
[Result "0-1"]
[WhiteElo "2322"]
[BlackElo "2415"]
[PlyCount "107"]
[EventDate "2018.12.07"]
[EventType "swiss"]
[EventRounds "8"]
[EventCountry "CHI"]
[SourceTitle "EXT 2024"]
[Source "ChessBase"]
[SourceDate "2023.10.10"]
[SourceVersion "1"]
[SourceVersionDate "2023.10.10"]
[SourceQuality "1"]

1. d4 Nf6 2. Nf3 g6 3. g3 Bg7 4. Bg2 0-0 5. 0-0 d6 6. b3 a5 7. Bb2 c6 8. c4 a4 9. b4 Be6 10. Nfd2 Qb6 11. a3 Qa6 12. Nc3 Bxc4 13. Nxc4 Qxc4 14. Nxa4 Qa6 15. Nc3 d5 16. Qb3 Nbd7 17. Rfd1 Nb6 18. e3 e6 19. Bf1 Qa7 20. a4 h5 21. Rdc1 e5 22. a5 Nbd7 23. Na4 Ne4 24. Nc5 Ndxc5 25. bxc5 Nd2 26. Qb4 Nxf1 27. Rxf1 e4 28. Bc3 Qa6 29. Rfb1 Rfb8 30. Be1 h4 31. Qd2 Bf6 32. Rb6 Qa7 33. Qe2 Bd8 34. Rb2 Qa6 35. Qxa6 bxa6 36. Rab1 Rb5 37. Rxb5 axb5 38. Kg2 f5 39. Bb4 Kf7 40. Ra1 Ke6 41. Kf1 h3 42. Ke2 Bc7 43. a6 Kd7 44. Ra2 g5 45. f4 exf3+ 46. Kxf3 g4+ 47. Kf2 Re8 48. Ra3 Kc8 49. a7 Kb7 50. a8Q+ Rxa8 51. Rxa8 Kxa8 52. Kf1 Kb7 53. Be1 Ka6 54. Ke2 0-1

[Event "CHI-ch sf"]
[Site "Santiago de Chile"]
[Date "2018.12.08"]
[Round "3.3"]
[White "Torres Bravo, Cristobal Renato"]
[Black "Estrada Lavin, Cristian Alexan"]
[Result "1-0"]
[WhiteElo "2322"]
[BlackElo "2067"]
[PlyCount "61"]
[EventDate "2018.12.07"]
[EventType "swiss"]
[EventRounds "8"]
[EventCountry "CHI"]
[SourceTitle "EXT 2024"]
[Source "ChessBase"]
[SourceDate "2023.10.10"]
[SourceVersion "1"]
[SourceVersionDate "2023.10.10"]
[SourceQuality "1"]

1. d4 d5 2. c4 c6 3. Nf3 Nf6 4. e3 g6 5. Be2 Bg7 6. 0-0 0-0 7. Nc3 b6 8. b3 Nbd7 9. Bb2 Bb7 10. Rc1 c5 11. cxd5 Nxd5 12. Nxd5 Bxd5 13. Ba3 Bxf3 14. Bxf3 Rc8 15. dxc5 Nxc5 16. Qe2 e6 17. Rfd1 Qe7 18. Rc2 Rc7 19. g3 Rfc8 20. Kg2 h5 21. Rdc1 Bf8 22. b4 Na4 23. Bc6 Nc5 24. bxc5 Rxc6 25. cxb6 Rxc2 26. Bxe7 Rxc1 27. b7 Bxe7 28. Qd2 Ba3 29. Qxc1 Rxc1 30. b8Q+ Kg7 31. Qb3 1-0

[Event "CHI-ch sf2"]
[Site "Santiago de Chile"]
[Date "2018.01.09"]
[Round "7"]
[White "Lopez Silva, Hugo Andres"]
[Black "Torres Bravo, Cristobal Renato"]
[Result "1/2-1/2"]
[WhiteElo "2378"]
[BlackElo "2316"]
[PlyCount "59"]
[EventDate "2018.01.05"]
[EventType "swiss"]
[EventRounds "8"]
[EventCountry "CHI"]
[SourceTitle "EXT 2019"]
[Source "ChessBase"]
[SourceDate "2018.10.10"]
[SourceVersion "1"]
[SourceVersionDate "2018.10.10"]
[SourceQuality "1"]

1. e4 c5 2. Nf3 Nc6 3. d4 cxd4 4. Nxd4 g6 5. c4 Qb6 6. Nb3 Bg7 7. Be3 Qd8 8. Qd2 Nf6 9. f3 0-0 10. Nc3 d6 11. Be2 Be6 12. 0-0 Rc8 13. Rac1 Nd7 14. Nd5 b6 15. Rfe1 Nc5 16. Na1 Bd7 17. b4 Nb7 18. Nb3 e6 19. Nf4 Qc7 20. Bf1 Rfd8 21. Nd5 Qb8 22. b5 exd5 23. bxc6 Bxc6 24. cxd5 Bd7 25. Bd4 Rxc1 26. Rxc1 Rc8 27. Bxg7 Rxc1 28. Bb2 Rb1 29. Qc3 Rxb2 30. Qxb2 1/2-1/2

[Event "CHI-ch sf"]
[Site "Quilpue"]
[Date "2016.12.18"]
[Round "8"]
[White "Aguirre Contreras, Cristian Rodrigo"]
[Black "Torres Bravo, Cristobal Renato"]
[Result "1-0"]
[WhiteElo "2293"]
[BlackElo "2363"]
[PlyCount "83"]
[EventDate "2016.12.14"]
[EventType "swiss"]
[EventRounds "8"]
[EventCountry "CHI"]
[SourceTitle "EXT 2018"]
[Source "ChessBase"]
[SourceDate "2017.10.13"]
[SourceVersion "1"]
[SourceVersionDate "2017.10.13"]
[SourceQuality "1"]

1. e4 c5 2. c3 Nf6 3. e5 Nd5 4. d4 cxd4 5. Nf3 Nc6 6. Bc4 Nb6 7. Bb3 g6 8. cxd4 Bg7 9. Bf4 d6 10. exd6 0-0 11. 0-0 exd6 12. h3 Bf5 13. Nc3 Na5 14. Nb5 Nxb3 15. axb3 Nc8 16. Rc1 a6 17. Nc7 Rb8 18. Nd5 Nb6 19. Ne3 Be4 20. Nc4 Nc8 21. Ng5 Bd5 22. Ne3 Bc6 23. Nf3 Ne7 24. Nc4 Bxf3 25. Qxf3 Nf5 26. d5 b5 27. Ne3 Nd4 28. Qd1 h6 29. Bxh6 Bxh6 30. Qxd4 Bg7 31. Qd2 a5 32. Rc6 Ra8 33. Rfc1 a4 34. bxa4 Rxa4 35. b3 Rd4 36. Qe2 Qa5 37. Rc8 Qb4 38. Ng4 Qxb3 39. Qe7 Rd1+ 40. Kh2 Rxc1 41. Nf6+ Bxf6 42. Rxf8+ 1-0

[Event "CHI-ch sf"]
[Site "Quilpue"]
[Date "2016.12.17"]
[Round "6"]
[White "Squella Lavin, Carlos Felipe"]
[Black "Torres Bravo, Cristobal Renato"]
[Result "1/2-1/2"]
[WhiteElo "2166"]
[BlackElo "2363"]
[PlyCount "107"]
[EventDate "2016.12.14"]
[EventType "swiss"]
[EventRounds "8"]
[EventCountry "CHI"]
[SourceTitle "EXT 2018"]
[Source "ChessBase"]
[SourceDate "2017.10.13"]
[SourceVersion "1"]
[SourceVersionDate "2017.10.13"]
[SourceQuality "1"]

1. d4 Nf6 2. c4 e6 3. Nc3 Bb4 4. e3 c5 5. Bd3 0-0 6. Nf3 Bxc3+ 7. bxc3 d6 8. 0-0 Qc7 9. e4 e5 10. d5 b5 11. cxb5 c4 12. Bc2 a6 13. Bg5 Nfd7 14. a4 axb5 15. axb5 Rxa1 16. Qxa1 Nb6 17. Qa3 f6 18. Be3 N8d7 19. Nh4 g6 20. f4 exf4 21. Bxf4 Ne5 22. Nf3 Nbd7 23. Nd4 Qb6 24. h3 Nc5 25. Kh2 Bb7 26. Bxe5 fxe5 27. Rxf8+ Kxf8 28. Nc6 Qxb5 29. Qa7 Bxc6 30. dxc6 Qxc6 31. Qxh7 Qe8 32. Qh8+ Ke7 33. Qxe8+ Kxe8 34. Kg3 Ke7 35. Kg4 Kf6 36. h4 Ne6 37. g3 Nc7 38. Ba4 d5 39. exd5 Nxd5 40. Bb5 e4 41. Bxc4 Ne3+ 42. Kf4 Nxc4 43. Kxe4 Nd6+ 44. Kf4 Nf7 45. g4 Ne5 46. g5+ Ke6 47. c4 Kd6 48. c5+ Ke6 49. Ke4 Nf7 50. Kf4 Ne5 51. Ke4 Nc4 52. Kf4 Na5 53. h5 gxh5 54. g6 1/2-1/2

[Event "CHI-ch sf"]
[Site "Quilpue"]
[Date "2016.12.16"]
[Round "3"]
[White "Gutierrez Montes, Sebastian"]
[Black "Torres Bravo, Cristobal Renato"]
[Result "1-0"]
[WhiteElo "2130"]
[BlackElo "2363"]
[PlyCount "85"]
[EventDate "2016.12.14"]
[EventType "swiss"]
[EventRounds "8"]
[EventCountry "CHI"]
[SourceTitle "EXT 2018"]
[Source "ChessBase"]
[SourceDate "2017.10.13"]
[SourceVersion "1"]
[SourceVersionDate "2017.10.13"]
[SourceQuality "1"]

1. e4 d5 2. exd5 Nf6 3. d4 Nxd5 4. c4 Nb6 5. Nc3 g6 6. Be3 Bg7 7. Qd2 h6 8. Nf3 c6 9. Be2 Bg4 10. b3 N8d7 11. Rc1 Nf6 12. 0-0 e6 13. a4 0-0 14. h3 Bxf3 15. Bxf3 a5 16. Rfd1 h5 17. Bg5 Nbd7 18. d5 exd5 19. cxd5 Qb6 20. Be3 c5 21. Nb5 Rfc8 22. d6 Rab8 23. Be2 Rd8 24. Qc2 Rbc8 25. Bc4 Ne5 26. Be2 Ned7 27. Bf4 Re8 28. Bc4 Re4 29. Bg5 Rce8 30. f3 R4e5 31. Qxg6 Nd5 32. Qxh5 N7f6 33. Qh4 Qc6 34. Bf4 Rf5 35. Bg5 Ree5 36. Bxf6 Bxf6 37. Qg3+ Rg5 38. Bxd5 Rxg3 39. Bxc6 Re2 40. Kh1 bxc6 41. Na7 Kh7 42. Rg1 Be5 43. Rge1 1-0

[Event "CHI-ch"]
[Site "Valdivia"]
[Date "2016.03.05"]
[Round "10"]
[White "Abarca Gonzalez, Nicolas"]
[Black "Torres Bravo, Cristobal Renato"]
[Result "1/2-1/2"]
[WhiteElo "2391"]
[BlackElo "2309"]
[PlyCount "23"]
[EventDate "2016.02.29"]
[EventType "tourn"]
[EventRounds "11"]
[EventCountry "CHI"]
[SourceTitle "CBM 171 Extra"]
[Source "ChessBase"]
[SourceDate "2016.04.26"]
[SourceVersion "1"]
[SourceVersionDate "2016.04.26"]
[SourceQuality "1"]

1. d4 Nf6 2. Nf3 g6 3. c4 Bg7 4. Nc3 d5 5. cxd5 Nxd5 6. e4 Nxc3 7. bxc3 0-0 8. Be2 c5 9. 0-0 cxd4 10. cxd4 Nc6 11. Be3 Bg4 12. d5 1/2-1/2

[Event "CHI-ch"]
[Site "Valdivia"]
[Date "2016.03.02"]
[Round "5"]
[White "Torres Bravo, Cristobal Renato"]
[Black "Henriquez Villagra, Cristobal"]
[Result "1-0"]
[WhiteElo "2309"]
[BlackElo "2484"]
[PlyCount "95"]
[EventDate "2016.02.29"]
[EventType "tourn"]
[EventRounds "11"]
[EventCountry "CHI"]
[SourceTitle "CBM 171 Extra"]
[Source "ChessBase"]
[SourceDate "2016.04.26"]
[SourceVersion "1"]
[SourceVersionDate "2016.04.26"]
[SourceQuality "1"]

1. d4 Nf6 2. Bg5 d5 3. Bxf6 exf6 4. e3 Bd6 5. c4 dxc4 6. Bxc4 0-0 7. Nc3 f5 8. Nge2 Nd7 9. 0-0 a6 10. Bd5 Nf6 11. Bf3 Rb8 12. Nc1 Qe7 13. Qc2 Bd7 14. Nb3 Rfc8 15. Rac1 h5 16. Rfd1 Be6 17. a3 g6 18. Rd2 h4 19. Nc5 c6 20. Nxe6 fxe6 21. Rcd1 Kg7 22. e4 Bf4 23. Re2 Qc7 24. h3 b5 25. exf5 exf5 26. Re6 Bd6 27. Qd2 Re8 28. Rde1 Ne4 29. R6xe4 fxe4 30. Rxe4 b4 31. axb4 Rxe4 32. Nxe4 Bxb4 33. Nc3 Rd8 34. Qe3 Qd6 35. Ne2 c5 36. d5 Rf8 37. g3 hxg3 38. fxg3 c4 39. Kg2 Qf6 40. Nd4 Kg8 41. Qe4 Bc5 42. Ne2 Kg7 43. Nf4 Kh6 44. Qxc4 Qxb2+ 45. Be2 Bd6 46. Ne6 Rf5 47. g4 Re5 48. Qf4+ 1-0

[Event "CHI-ch"]
[Site "Valdivia"]
[Date "2016.03.01"]
[Round "3"]
[White "Torres Bravo, Cristobal Renato"]
[Black "Milla Ramirez, Luis Domingo"]
[Result "1-0"]
[WhiteElo "2309"]
[BlackElo "2123"]
[PlyCount "77"]
[EventDate "2016.02.29"]
[EventType "tourn"]
[EventRounds "11"]
[EventCountry "CHI"]
[SourceTitle "CBM 171 Extra"]
[Source "ChessBase"]
[SourceDate "2016.04.26"]
[SourceVersion "1"]
[SourceVersionDate "2016.04.26"]
[SourceQuality "1"]

1. c4 e6 2. Nf3 d5 3. g3 d4 4. d3 c5 5. Bg2 Nc6 6. 0-0 Nf6 7. a3 a5 8. e3 Be7 9. exd4 cxd4 10. Re1 0-0 11. a4 Nd7 12. Na3 Nc5 13. Ne5 Nb4 14. Nc2 Nb3 15. Rb1 f6 16. Nf3 Nxc2 17. Qxc2 Qb6 18. Nd2 Nxc1 19. Rexc1 Bd7 20. Bh3 Bb4 21. b3 Qc7 22. c5 Ra6 23. Ne4 Ba3 24. Nd6 Bxc1 25. Rxc1 Rxd6 26. cxd6 Qxc2 27. Rxc2 Rc8 28. Rc4 Rxc4 29. dxc4 b6 30. Kf1 Kf7 31. Ke2 Ke8 32. Kd2 e5 33. Bg2 Kf7 34. Bd5+ Kg6 35. b4 axb4 36. c5 bxc5 37. a5 Bb5 38. a6 b3 39. Bxb3 1-0